Iceland Foods plc v Dangoor and others (Record no. 70516)

MARC details
000 -LEADER
fixed length control field 01914cam a2200253 4500
001 - CONTROL NUMBER
control field ABS65631
008 - FIXED-LENGTH DATA ELEMENTS--GENERAL INFORMATION
fixed length control field 020619n2002 000 0 eng u
035 ## - SYSTEM CONTROL NUMBER
System control number (Sirsi) u118461
245 ## - TITLE STATEMENT
Title Iceland Foods plc v Dangoor and others
260 ## - PUBLICATION, DISTRIBUTION, ETC.
Date of publication, distribution, etc. 2002
490 ## - SERIES STATEMENT
Series statement Estates Gazette Law Reports
Volume/sequential designation [2002] 21 EG 146-154(9)
520 ## - SUMMARY, ETC.
Summary, etc. ChD 8 February 2002. The claimant tenant (I) held a lease of business premises from the defendant landlords (D) for a term until 2028. The lease provided for rent reviews on 25 April 1980 and every seven years thereafter. Paragraph 2 of the schedule to the lease provided that where the landlords wanted a review, they should serve a trigger notice not more than twelve or less than three months before the relevant review date. Paragraph 3 provided that if the parties had not agreed the rent at least two months before the review date, then the rent was to be determined by a surveyor not less than one month before the review date. Paragraph 6 provided that if the parties had not agreed the rent two months prior and an application had not been made as required by para 3, the given trigger notice would be void. The relevant review date was 25 April 2001. L did not serve the trigger notice until 15 May 2001. The tenant argued the notice was invalid because L had not applied for the appointment of a surveyor. On 25 July L applied for an appoinment but the tenant contended that L's trigger notice and the appointment were invalid. "Held" the landlords were entitled to a review date of the rent with effect from 25 April 2001.
590 ## - LOCAL NOTE (RLIN)
Local note ABS
650 ## - SUBJECT ADDED ENTRY--TOPICAL TERM
Topical term or geographic name entry element ICELAND FOODS PLC V DANGOOR
650 ## - SUBJECT ADDED ENTRY--TOPICAL TERM
Topical term or geographic name entry element RENT REVIEWS
650 ## - SUBJECT ADDED ENTRY--TOPICAL TERM
Topical term or geographic name entry element TIME OF THE ESSENCE
650 ## - SUBJECT ADDED ENTRY--TOPICAL TERM
Topical term or geographic name entry element LATE ESTOPPEL
650 ## - SUBJECT ADDED ENTRY--TOPICAL TERM
Topical term or geographic name entry element NEGLECT
650 ## - SUBJECT ADDED ENTRY--TOPICAL TERM
Topical term or geographic name entry element TRIGGER NOTICES
650 ## - SUBJECT ADDED ENTRY--TOPICAL TERM
Topical term or geographic name entry element EXPERTS
650 ## - SUBJECT ADDED ENTRY--TOPICAL TERM
Topical term or geographic name entry element COMMERCIAL PREMISES
690 ## - LOCAL SUBJECT ADDED ENTRY--TOPICAL TERM (OCLC, RLIN)
Topical term or geographic name as entry element LANDLORD AND TENANT-BUSINESS TENANCIES-CASE LAW
942 ## - ADDED ENTRY ELEMENTS (KOHA)
Suppress in OPAC 0
Holdings
Withdrawn status Lost status Source of classification or shelving scheme Damaged status Not for loan Home library Current library Shelving location Date acquired Total Checkouts Full call number Barcode Date last seen Copy number Price effective from Koha item type
    Dewey Decimal Classification     London London Journal article 19/06/2002   ABS65631 118461-1001 06/08/2019 1 06/08/2019 Law report